000 00962cam a22002897c 4500
003 CO-ViMGA
005 20230915233129.0
008 140909s2014 ck a | |||| 000 0 spa
020 _a9789583202162
040 _aCO-ViMGA
_bspa
_cCO-ViMGA
041 1 _heng
090 _aA SIMP
100 1 0 _aSimler, Isabelle
_923568
245 1 0 _aPluma
_cIsabelle Simler
250 _aEdición especial para El Ministerio de Cultura
260 _aBarcelona
_bOceano
_c2014
300 _a[44] pg̀inas
_bilustraciones
_c33 cm
490 _aOcéano travesía
_aLeer es mi cuento
650 1 4 _2LEMB
_aAutores franceses
_93703
650 1 4 _2LEMB
_aAves en la literatura
_92210
650 1 4 _2LEMB
_aEcología en la literatura
_923683
650 1 4 _2LEMB
_aGatos en la literatura
_924335
650 1 4 _2LEMB
_aLibros ilustrados para niños
_987
650 1 4 _2LEMB
_aLiteratura infantil francesa
_92946
650 1 4 _2LEMB
_aℓlbumes infantiles franceses
_99966
942 _2ddc
_cBK
999 _c3990
_d3990